000 00397nam a2200157 4500
001 18804
005 20230410103901.0
008 060907n1992 dr spa
035 _9funglode18954
041 _aES
050 1 4 _a416 DS 126.5 H447 1992
245 0 _aHechos de isrrael
260 _a[s.l] :
_bCentro de información de isrrael,
_c1992
300 _a286 p.
942 _2lcc
_cbk
999 _c27732
_d27732